Roads, reality and the customer (Record no. 65749)
[ view plain ]
| 000 -LEADER | |
|---|---|
| fixed length control field | 01576cam a2200205 4500 |
| 001 - CONTROL NUMBER | |
| control field | ABS63365 |
| 008 - FIXED-LENGTH DATA ELEMENTS--GENERAL INFORMATION | |
| fixed length control field | 000000n2000 000 0 eng u |
| 035 ## - SYSTEM CONTROL NUMBER | |
| System control number | (Sirsi) u110259 |
| 100 ## - MAIN ENTRY--PERSONAL NAME | |
| Personal name | Madelin, K |
| 245 ## - TITLE STATEMENT | |
| Title | Roads, reality and the customer |
| 260 ## - PUBLICATION, DISTRIBUTION, ETC. | |
| Date of publication, distribution, etc. | 2000 |
| 490 ## - SERIES STATEMENT | |
| Series statement | Proceedings of the Institution of Civil Engineers: Transport |
| 520 ## - SUMMARY, ETC. | |
| Summary, etc. | Reviews current transport policy in the UK considering in particular the importance of the road network and the power of the customer in making choices. The context is set by looking at the relationship between transport and society and the importance given to transport by people as customers. The growth in the demand for transport is discussed and the importance of the car is recognised. The resulting transport problem is described together with the government's Transport White Paper. The policies to manage demand and encourage a transfer of mode are looked at in detail but the conclusion is that while such policies are justified, they will only have a limited impact due primarily to customers exercising choice. The paper concludes that the current policy is a high-risk strategy that is unlikely to be unsustainable unless provision is made for increasing road and rail capacity and more attention is paid to understanding the needs of the customer. Journal abstract. References. |
| 590 ## - LOCAL NOTE (RLIN) | |
| Local note | ABS |
| 650 ## - SUBJECT ADDED ENTRY--TOPICAL TERM | |
| Topical term or geographic name entry element | PROPERTY-INFRASTRUCTURE-TRANSPORT INFRASTRUCTURE-ROAD INFRASTRUCTURE |
| 650 ## - SUBJECT ADDED ENTRY--TOPICAL TERM | |
| Topical term or geographic name entry element | TRANSPORT PLANNING |
| 650 ## - SUBJECT ADDED ENTRY--TOPICAL TERM | |
| Topical term or geographic name entry element | SOCIAL EFFECTS |
| 690 ## - LOCAL SUBJECT ADDED ENTRY--TOPICAL TERM (OCLC, RLIN) | |
| Topical term or geographic name as entry element | TRANSPORT AND COMMUNICATIONS |
| 942 ## - ADDED ENTRY ELEMENTS (KOHA) | |
| Suppress in OPAC | 0 |
| Withdrawn status | Lost status | Source of classification or shelving scheme | Damaged status | Not for loan | Home library | Current library | Shelving location | Date acquired | Total Checkouts | Full call number | Barcode | Date last seen | Copy number | Price effective from | Koha item type |
|---|---|---|---|---|---|---|---|---|---|---|---|---|---|---|---|
| Dewey Decimal Classification | London | London | Journal article | 09/01/2001 | ABS63365 | 110259-1001 | 06/08/2019 | 1 | 06/08/2019 | Journal article |